| 000 | 00893nmm a2200277 a 4500 | ||
|---|---|---|---|
| 001 | ocm0002016030 | ||
| 003 | TR-IsHL | ||
| 005 | 20201028181503.0 | ||
| 008 | 190103s2017 tu tur | ||
| 007 | cr cn | ||
| 020 | _a9786059801591 | ||
| 035 |
_a2016030 _b(N$T) |
||
| 050 | 0 | 4 |
_aPL248.Y554 _bP37 2017 |
| 090 | 0 | 4 |
_aPL248.Y554 _bP37 2017 |
| 100 | 1 | _aYıldız, İlker | |
| 245 | 1 | 0 |
_aParadoks: kaçış _h[electronic resource] / _cİlker Yıldız ; editör İsmail Yılmaz |
| 260 |
_aAnkara : _bPhoenix Yayınevi, _c2017 |
||
| 300 | _a143 p. | ||
| 650 | 4 | _aDil ve Edebiyat | |
| 650 | 4 | _aLanguage and Literature | |
| 650 | 0 | _aTürk romanı | |
| 650 | 0 | _aTurkish fiction | |
| 650 | 7 |
_aLITERARY COLLECTIONS / Middle Eastern _2bisacsh |
|
| 700 | 1 | _aYılmaz, İsmail | |
| 856 | 4 | 0 | _uhttp://search.ebscohost.com/login.aspx?direct=true&scope=site&db=e011xww&AN=2016030 |
| 999 |
_c19622 _d19622 |
||